Organizational Behaviour Human Hehaviour at work (Record no. 733)

MARC details
000 -LEADER
fixed length control field 00453nam a22001697a 4500
005 - DATE AND TIME OF LATEST TRANSACTION
control field 20160513121329.0
008 - FIXED-LENGTH DATA ELEMENTS--GENERAL INFORMATION
fixed length control field 160513b xxu||||| |||| 00| 0 eng d
020 ## - INTERNATIONAL STANDARD BOOK NUMBER
ISBN 0-07-047264-5
041 ## - LANGUAGE CODE
Language code of text/sound track or separate title eng
082 ## - DEWEY DECIMAL CLASSIFICATION NUMBER
Item number 1955
100 ## - MAIN ENTRY--AUTHOR NAME
Personal name John W. Newstron Keith Davis
245 ## - TITLE STATEMENT
Title Organizational Behaviour Human Hehaviour at work
260 ## - PUBLICATION, DISTRIBUTION, ETC. (IMPRINT)
Place of publication New Delhi
Name of publisher Tata Mc Graw Hill Publishing comp,
300 ## - PHYSICAL DESCRIPTION
Number of Pages 517
650 ## - SUBJECT ADDED ENTRY--TOPICAL TERM
Topical Term Management
942 ## - ADDED ENTRY ELEMENTS (KOHA)
Koha item type Books
Holdings
Lost status Damaged status Collection code Home library Current library Shelving location Date acquired Cost, normal purchase price Full call number Accession Number Koha item type
    MANAGEMENT JRU Library JRU Library SHELF-64-C 13/05/2016 295.00 1955 1955 Books
    MANAGEMENT JRU Library JRU Library SHELF-64-C 13/05/2016 295.00 1955 1956 Books
    MANAGEMENT JRU Library JRU Library SHELF-64-C 13/05/2016 295.00 1955 1957 Books
    Reference JRU Library   SHELF-29-J 13/05/2016 295.00 1955 1958 Books
    MANAGEMENT JRU Library JRU Library SHELF-64-C 13/05/2016 295.00 1955 1959 Books